| 000 | 00579nam a2200145Ia 4500 | ||
|---|---|---|---|
| 008 | 170221s9999 xx 000 0 und d | ||
| 100 | _aRashidah Mohamad Ibrahim | ||
| 245 | _aDoes Leader-Member Exchange Impact on Organizational Citizenship Behaviour Readiness? Evidence from State Government Agency | ||
| 245 | _cRashidah Mohamad Ibrahim, Mazuri Abd Ghani, Noorul Hafizah Hashim, Aziz Amin | ||
| 260 | _bInternational Review of Management and Marketing | ||
| 260 | _c2017 | ||
| 300 | _a7 : 1 | ||
| 650 | _xMarketing. | ||
| 856 | _uhttp://www.econjournals.com/index.php/irmm | ||
| 999 |
_c308009 _d308009 |
||